Statystyki dla Przystanki linii autobusowej 29 w Toruniu

Kliknij tutaj aby rozwiązać quiz!

Ogólne statystyki

  • Ten quiz został rozwiązany 29 razy
    (19 od ostatniego zresetowania)
  • Średni wynik to 20 z 40

Statystyki odpowiedzi

Odpowiedź% Poprawnych
KOLANKOWSKIEGO
81%
Plac Daszyńskiego
75%
Plac Daszyńskiego II
75%
Rubinkowo Centrum
75%
Ślaskiego
75%
SZUBIŃSKA
75%
Manhattan
69%
Dworzec Wschodni
63%
Wschodnia
63%
Wyszyńskiego
63%
Letnia
56%
Parkowa
56%
Rypińska
56%
Szkoła
56%
Telimeny
56%
Witosa
56%
Zakole
56%
Biała
50%
Drzymały
50%
Grzybowa
50%
Kluczyki
50%
Kluczyki Cmentarz
50%
Kniaziewicza
50%
Kręta
50%
Stawki
50%
Donimirskiego
44%
Polmozbyt
44%
Strzałowa II
44%
Brązowa
38%
Dandelskiego
38%
Okólna
38%
63. Pułku Piechoty
31%
Bliska
31%
Gniewkowska
31%
Poznańska Komisariat
31%
Skrzetuskiego
31%
Stepowa
25%
Atrium Copernicus
19%
Kmicica
19%
Ligi Polskej
6%

Rozkład punktacji

Percentyl według liczby udzielonych odpowiedzi

Procent ludzi z każdym wynikiem

Twoja historia wyników

Nie rozwiązałeś tego quizu od ostatniego zresetowania